000
00286nam a2200121Ia 4500
008
220204s9999 xx 000 0 und d
082
_a
32(540)
_b
KUL
100
_a
Kuldip Nayar
245
0
_a
India: The critical years
250
_a
Rev ed
260
_a
Bombay
_b
Vikas
_c
1971
942
_c
BK
999
_c
25376
_d
25376